000 00959nam a22002537a 4500
003 OSt
005 20250828105314.0
008 250707b |||||||| |||| 00| 0 eng d
020 _a9780198807254 (Paperback)
040 _aNUST
_beng
_cNUST
_dNUST
_erda
050 _aRA790.5 HUD
100 _aHuda, Ahmed Samei
_eAuthor
245 _aThe Medical model in mental health : An Explanation and Evaluation
_bAn explanation and evaluation /
_cAhmed Samei Huda.
260 _aoxford :
_bOxford University Press,
_c©2019.
300 _avii, 396 pages :
_bIllustrations ;
_c24 cm.
336 _2rdamedia
_atext
_btxt
337 _2rdamedia
_aunmediated
_bn
338 _2rdamedia
_avolume
_bnc
504 _aIncludes bibliographical references and index.
650 _vMEDICAL Psychiatry General.
650 _vMental health. Mental illness prevention.
650 _vPublic aspects of medicine .
942 _2lcc
_cBOOKS
_hRA790.5 HUD
_kRA
_mHUD
_n0
999 _c172172
_d172172